000 00685nam a22002297a 4500
005 20250730142456.0
008 250730b |||||||| |||| 00| 0 eng d
020 _a978-0-19-963974-8(hbk)
037 _cREF
040 _cCRL
041 _2eng
_aenglish
084 _aV53.L9g Q5
_qCRL
245 _aOxford handbook of the french revolution
260 _aUK,Oxford
_bOxford Uniersity Press,
_c2015.
300 _axvii, 683p.
365 _b5495
_cINR
546 _aenglish
650 _aHistory
700 _aDavid, Andess
_eEditor.
_9816925
942 _2CC
_cREF
_hV53.L9g Q5
_n0
999 _c1434390
_d1434390